Probability, statistics, and random processes for electrical engineering / (Record no. 14584)
[ view plain ]
| 000 -LEADER | |
|---|---|
| fixed length control field | 00834cam a2200253 a 4500 |
| 001 - CONTROL NUMBER | |
| control field | TB12140 |
| 003 - CONTROL NUMBER IDENTIFIER | |
| control field | IN-BhIIT |
| 005 - DATE AND TIME OF LATEST TRANSACTION | |
| control field | 20250909180431.0 |
| 008 - FIXED-LENGTH DATA ELEMENTS--GENERAL INFORMATION | |
| fixed length control field | 071108s2008 njua b 001 0 eng |
| 020 ## - INTERNATIONAL STANDARD BOOK NUMBER | |
| ISBN | 9780131471221 (pbk.) |
| 040 ## - CATALOGING SOURCE | |
| Original cataloging agency | IN-BhIIT |
| 041 ## - LANGUAGE CODE | |
| Language code of text | eng |
| 082 00 - DEWEY DECIMAL CLASSIFICATION NUMBER | |
| Classification number | 519.0246213 |
| Book number | LEO/P |
| 100 1# - MAIN ENTRY--AUTHOR NAME | |
| Personal name | Leon-Garcia, Alberto. |
| Relator term | Author |
| 245 10 - TITLE STATEMENT | |
| Title | Probability, statistics, and random processes for electrical engineering / |
| Statement of responsibility, etc | by Alberto Leon-Garcia. |
| 250 ## - EDITION STATEMENT | |
| Edition statement | 3rd ed. |
| 260 ## - PUBLICATION, DISTRIBUTION, ETC. (IMPRINT) | |
| Place of publication | Upper Saddle River, NJ : |
| Name of publisher | Pearson/Prentice Hall, |
| Year of publication | c2008. |
| 300 ## - PHYSICAL DESCRIPTION | |
| Number of Pages | xiv, 818 p. : |
| Other physical details(ill.) | ill. ; |
| Dimensions(size) | 25 cm. |
| 504 ## - BIBLIOGRAPHY, ETC. NOTE | |
| Bibliography, etc | Includes bibliographical references and index. |
| 650 #0 - SUBJECT ADDED ENTRY--TOPICAL TERM | |
| Topical Term | Electrical engineering |
| General subdivision | Mathematics. |
| Topical Term | Probabilities. |
| Topical Term | Stochastic processes. |
| 942 ## - ADDED ENTRY ELEMENTS (KOHA) | |
| Koha item type | Text Book |
| Koha issues (borrowed), all copies | 2 |
| Withdrawn status | Lost status | Damaged status | Not for loan | Collection code | Home library | Current library | Date acquired | Source of acquisition | Cost, normal purchase price | Accession Number | Cost, replacement price | Price effective from | Koha item type | Full call number |
|---|---|---|---|---|---|---|---|---|---|---|---|---|---|---|
| Not withdrawn | Not Lost | not damaged | Central Library, IIT Bhubaneswar | Central Library, IIT Bhubaneswar | 09/01/2025 | 39 | 18166.25 | TB12147 | 24885.27 | 09/01/2025 | Text Book | |||
| Not withdrawn | Not Lost | not damaged | Central Library, IIT Bhubaneswar | Central Library, IIT Bhubaneswar | 09/01/2025 | 39 | 18166.25 | TB12154 | 24885.27 | 09/01/2025 | Text Book | |||
| Not withdrawn | Not Lost | not damaged | Central Library, IIT Bhubaneswar | Central Library, IIT Bhubaneswar | 09/01/2025 | 39 | 18166.25 | TB12148 | 24885.27 | 09/01/2025 | Text Book | |||
| Not withdrawn | Not Lost | not damaged | Central Library, IIT Bhubaneswar | Central Library, IIT Bhubaneswar | 09/01/2025 | 39 | 18166.25 | TB12150 | 24885.27 | 09/01/2025 | Text Book | |||
| Not withdrawn | Not Lost | not damaged | Central Library, IIT Bhubaneswar | Central Library, IIT Bhubaneswar | 09/01/2025 | 39 | 18166.25 | TB12149 | 24885.27 | 09/01/2025 | Text Book | |||
| Not withdrawn | Not Lost | not damaged | Central Library, IIT Bhubaneswar | Central Library, IIT Bhubaneswar | 09/01/2025 | 39 | 18166.25 | TB12144 | 24885.27 | 09/01/2025 | Course Reserve | 519.20246213 LEO/P | ||
| Not withdrawn | Not Lost | not damaged | Central Library, IIT Bhubaneswar | Central Library, IIT Bhubaneswar | 09/01/2025 | 39 | 18166.25 | TB12145 | 24885.27 | 09/01/2025 | Text Book | |||
| Not withdrawn | Not Lost | not damaged | Central Library, IIT Bhubaneswar | Central Library, IIT Bhubaneswar | 09/01/2025 | 39 | 18166.25 | TB12146 | 24885.27 | 09/01/2025 | Text Book | |||
| Not withdrawn | Not Lost | not damaged | Central Library, IIT Bhubaneswar | Central Library, IIT Bhubaneswar | 09/01/2025 | 39 | 18166.25 | TB12153 | 24885.27 | 09/01/2025 | Text Book | |||
| Not withdrawn | Not Lost | not damaged | Central Library, IIT Bhubaneswar | Central Library, IIT Bhubaneswar | 09/01/2025 | 39 | 18166.25 | TB12152 | 24885.27 | 09/01/2025 | Text Book | |||
| Not withdrawn | Not Lost | not damaged | Central Library, IIT Bhubaneswar | Central Library, IIT Bhubaneswar | 09/01/2025 | 39 | 18166.25 | TB12151 | 24885.27 | 09/01/2025 | Text Book | |||
| Not withdrawn | Not Lost | not damaged | Central Library, IIT Bhubaneswar | Central Library, IIT Bhubaneswar | 09/01/2025 | 39 | 18161.96 | TB12143 | 24879.40 | 09/01/2025 | Text Book | |||
| Not withdrawn | Not Lost | not damaged | Central Library, IIT Bhubaneswar | Central Library, IIT Bhubaneswar | 09/01/2025 | 39 | 18161.96 | TB12141 | 24879.40 | 09/01/2025 | Text Book | 519.20246213 LEO/P | ||
| Not withdrawn | Not Lost | not damaged | Central Library, IIT Bhubaneswar | Central Library, IIT Bhubaneswar | 09/01/2025 | 39 | 18161.96 | TB12142 | 24879.40 | 09/01/2025 | Text Book | |||
| Not withdrawn | Not Lost | not damaged | Central Library, IIT Bhubaneswar | Central Library, IIT Bhubaneswar | 09/01/2025 | 39 | 18161.96 | TB12140 | 24879.40 | 09/01/2025 | Text Book | 519.20246213 LEO/P |